Leading with care :how women around the world are inspiring businesses, empowering communities, and creating opportunity. / (Record no. 3118)
[ view plain ]
| 000 -LEADER | |
|---|---|
| fixed length control field | 03091cam a2200361 a 4500 |
| 001 - CONTROL NUMBER | |
| control field | 15746429 |
| 005 - DATE AND TIME OF LATEST TRANSACTION | |
| control field | 20210414114232.0 |
| 008 - FIXED-LENGTH DATA ELEMENTS--GENERAL INFORMATION | |
| fixed length control field | 090521s2009 cau b 001 0 eng |
| 010 ## - LIBRARY OF CONGRESS CONTROL NUMBER | |
| LC control number | 2009019777 |
| 020 ## - INTERNATIONAL STANDARD BOOK NUMBER | |
| International Standard Book Number | 9780470499634 (cloth) |
| 020 ## - INTERNATIONAL STANDARD BOOK NUMBER | |
| International Standard Book Number | 047049963X (cloth) |
| 035 ## - SYSTEM CONTROL NUMBER | |
| System control number | (OCoLC)ocn317456311 |
| 040 ## - CATALOGING SOURCE | |
| Original cataloging agency | DLC |
| Transcribing agency | DLC |
| Modifying agency | BTCTA |
| -- | YDXCP |
| -- | C#P |
| -- | BWX |
| -- | LUNCL |
| -- | DLC |
| 043 ## - GEOGRAPHIC AREA CODE | |
| Geographic area code | d------ |
| 050 00 - LIBRARY OF CONGRESS CALL NUMBER | |
| Classification number | HQ1240.5.D44 |
| Item number | C36 |
| 082 00 - DEWEY DECIMAL CLASSIFICATION NUMBER | |
| Classification number | 305.48/96942091724 |
| Edition number | 22 |
| 100 1# - MAIN ENTRY--PERSONAL NAME | |
| Personal name | Cantando, Mary. |
| 245 10 - TITLE STATEMENT | |
| Title | Leading with care :how women around the world are inspiring businesses, empowering communities, and creating opportunity. / |
| Statement of responsibility, etc. | Mary Cantando ; foreword by Sheila C. Johnson ; afterword by Helene Gayle. |
| 250 ## - EDITION STATEMENT | |
| Edition statement | 1st ed. |
| 260 ## - PUBLICATION, DISTRIBUTION, ETC. | |
| Place of publication, distribution, etc. | San Francisco, CA : |
| Name of publisher, distributor, etc. | Jossey-Bass, |
| Date of publication, distribution, etc. | c2009. |
| 300 ## - PHYSICAL DESCRIPTION | |
| Extent | x, 214 p. ; |
| Dimensions | 24 cm. |
| 504 ## - BIBLIOGRAPHY, ETC. NOTE | |
| Bibliography, etc. note | Includes bibliographical references and index. |
| 505 ## - FORMATTED CONTENTS NOTE | |
| Formatted contents note | Contents: Developing self- sufficiency: Creating self- sufficiency through training -- Blazing a path through sports -- Overcoming challenges to achieve self- sufficiency -- Gaining self- sufficiency while helping others -- Implementing self- sufficiency in your own life -- Capitalizing on opportunity: Capitalizing on opportunity in Niger -- Seizing good fortune -- Building a different kind of business -- Overcoming Naysayers -- Capitalizing on opportunity in your own life -- Building community: Building community in India -- Building community everywhere -- Joining forces in the business world -- Creating an Advisory board community -- Building community in your own life -- Protecting the environment through action and policy: Providing clean water in Mozambique -- protecting the environment through corporate leadership -- Saving the environment one plate at a time -- Building for the future -- Safeguarding the environment in your own life -- Addressing discrimination: Overcoming discrimination through literacy -- Addressing Discrimination through corporate leadership -- Learning to capitalize on the differences -- Overcoming bias in the legal profession -- Addressing discrimination in your own life. |
| 520 1# - SUMMARY, ETC. | |
| Summary, etc. | "In Leading with Care, management expert Mary Cantando examines the stories of trailblazing women in the developing world who, with help from the nonprofit organization CARE, have capitalized on personal and professional opportunities on the road to establishing self-sufficiency. As their stories reveal, through CARE, women around the world have overcome adversity co build new businesses, improve their health, prioritize education, and foster change in their communities."--BOOK JACKET. |
| 650 #0 - SUBJECT ADDED ENTRY--TOPICAL TERM | |
| Topical term or geographic name entry element | Women in development |
| Geographic subdivision | Developing countries. |
| 650 #0 - SUBJECT ADDED ENTRY--TOPICAL TERM | |
| Topical term or geographic name entry element | Poor women |
| Geographic subdivision | Developing countries. |
| 650 #0 - SUBJECT ADDED ENTRY--TOPICAL TERM | |
| Topical term or geographic name entry element | Entrepreneurship |
| Geographic subdivision | Developing countries. |
| 650 #0 - SUBJECT ADDED ENTRY--TOPICAL TERM | |
| Topical term or geographic name entry element | Leadership in women |
| Geographic subdivision | Developing countries. |
| 710 2# - ADDED ENTRY--CORPORATE NAME | |
| Corporate name or jurisdiction name as entry element | CARE/International. |
| 906 ## - LOCAL DATA ELEMENT F, LDF (RLIN) | |
| a | 7 |
| b | cbc |
| c | orignew |
| d | 1 |
| e | ecip |
| f | 20 |
| g | y-gencatlg |
| 942 ## - ADDED ENTRY ELEMENTS (KOHA) | |
| Source of classification or shelving scheme | Library of Congress Classification |
| Koha item type | Books |
| Withdrawn status | Lost status | Source of classification or shelving scheme | Damaged status | Not for loan | Home library | Current library | Shelving location | Date acquired | Total Checkouts | Full call number | Barcode | Date last seen | Copy number | Price effective from | Koha item type |
|---|---|---|---|---|---|---|---|---|---|---|---|---|---|---|---|
| Library of Congress Classification | WISCONSIN INTERNATIONAL UNIVERSITY COLLEGE, GHANA - MAIN LIBRARY | WISCONSIN INTERNATIONAL UNIVERSITY COLLEGE, GHANA - MAIN LIBRARY | Reference | 11/07/2014 | HQ1240.5.D44 C36 | 7602/29/14 | 11/07/2014 | 1 | 11/07/2014 | Books | |||||
| Library of Congress Classification | WISCONSIN INTERNATIONAL UNIVERSITY COLLEGE, GHANA - MAIN LIBRARY | WISCONSIN INTERNATIONAL UNIVERSITY COLLEGE, GHANA - MAIN LIBRARY | Reference | 11/07/2014 | HQ1240.5.D44 C361 | 7630/57/14 | 11/07/2014 | 2 | 11/07/2014 | Books |
